El imperio hispánico en América
Gespeichert in:
| 1. Verfasser: | |
|---|---|
| Format: | Buch |
| Sprache: | Spanisch |
| Veröffentlicht: |
Buenos Aires
Solar Hachette
1966
|
| Schlagworte: | |
| Tags: |
Tag hinzufügen
Keine Tags, Fügen Sie den ersten Tag hinzu!
|
MARC
| LEADER | 00000nam a2200000 a 4500 | ||
|---|---|---|---|
| 001 | UCO2794 | ||
| 003 | CL-VaPUC | ||
| 008 | 000608e19660000AG |||||||||||||||||spa|d | ||
| 082 | 0 | 4 | |a 980.013 |b HAR |2 21 |
| 100 | |a Haring, Clarence H |e author |9 448719 | ||
| 245 | 1 | 3 | |a El imperio hispánico en América |
| 300 | |a 379 p | ||
| 942 | |c BK | ||
| 945 | |d 20000608 00:00:00 |a rherrera | ||
| 260 | |a Buenos Aires |b Solar Hachette |c 1966 | ||
| 650 | 0 | |a Historia de América |9 266076 | |
| 650 | 7 | |a CABILDOS |2 CL-VaPUC |9 375432 | |
| 650 | 0 | |a Epoca colonial |9 352022 | |
| 650 | 7 | |a REAL HACIENDA |2 CL-VaPUC |9 437088 | |
| 650 | 0 | |a Virreinatos |9 445304 | |
| 650 | 7 | |a HISTORIA SIGLOS 15-17 |2 CL-VaPUC |9 446429 | |
| 651 | 0 | |a América |9 255182 | |
| 583 | |a last modification |c 20121207 08:37:20 |k Rodrigo Vera | ||
| 999 | |c 289289 |d 289287 | ||
| 952 | |0 0 |1 0 |4 0 |6 980_013000000000000_HAR_1966 |7 0 |8 A |9 337561 |a BIBHIS |b BIBHIS |d 2019-11-20 |i 1287451 |o 980.013 HAR 1966 |p 1287451 |r 2025-01-20 |w 2019-11-20 |y BK |k HIS | ||
| 952 | |0 0 |1 0 |4 0 |6 980_013000000000000_HAR_1966 |7 0 |8 A |9 337562 |a BIBHIS |b BIBHIS |d 2019-11-20 |i 128746K |o 980.013 HAR 1966 |p 128746K |r 2025-01-20 |w 2019-11-20 |y BK |k HIS | ||
| 952 | |0 0 |1 0 |4 0 |6 980_013000000000000_HAR_1966 |7 0 |8 A |9 337563 |a BIBHIS |b BIBHIS |d 2019-11-20 |i 1287478 |o 980.013 HAR 1966 |p 1287478 |r 2025-01-20 |w 2019-11-20 |y BK |k HIS | ||